إقتصاديات التجارة الخارجية / (رقم التسجيلة. 94432)

تفاصيل مارك
000 -LEADER
fixed length control field 00629nam a22002057a 4500
005 - DATE AND TIME OF LATEST TRANSACTION
control field 20251108173029.0
008 - FIXED-LENGTH DATA ELEMENTS--GENERAL INFORMATION
fixed length control field 250721s2002 xx 000 0 ara d
082 14 - DEWEY DECIMAL CLASSIFICATION NUMBER
Classification number 382/إقت
100 1# - MAIN ENTRY--PERSONAL NAME
Personal name داود، حسام علي
245 10 - TITLE STATEMENT
Title إقتصاديات التجارة الخارجية /
264 1# - PRODUCTION, PUBLICATION, DISTRIBUTION, MANUFACTURE, AND COPYRIGHT NOTICE
Place of production, publication, distribution, manufacture عمان :
Name of producer, publisher, distributor, manufacturer دار المسيرة للنشر،
Date of production, publication, distribution, manufacture, or copyright notice 2002.
300 ## - PHYSICAL DESCRIPTION
Extent 200ص
650 17 - SUBJECT ADDED ENTRY--TOPICAL TERM
Topical term or geographic name as entry element الإقتصاد
650 17 - SUBJECT ADDED ENTRY--TOPICAL TERM
Topical term or geographic name as entry element التجارة الخارجية
700 1# - ADDED ENTRY--PERSONAL NAME
Personal name أبو خضير، أيمن
700 1# - ADDED ENTRY--PERSONAL NAME
Personal name الهزايمة، أحمد
700 1# - ADDED ENTRY--PERSONAL NAME
Personal name صوفان، عبد الله
942 ## - ADDED ENTRY ELEMENTS (KOHA)
Source of classification or shelving scheme Dewey Decimal Classification
Koha item type كتب
المقتنيات
حالة السحب حالة الفقدان مصدر التصنيف حالة التلف غير قابل للإعارة المكتبة الرئيسية المكتبة الحالية موقع الرف تاريخ التزويد الرقم المتسلسل Total Checkouts رقم الإستدعاء الباركود تاريخ آخر ظهور تاريخ الفاتورة نوع المادة (كوها)
    Dewey Decimal Classification     مكتبة أم قصير والمقابلين العامة مكتبة أم قصير والمقابلين العامة الإعارة 20/07/2008 561235   382/إقت PLD00029618 28/07/2025 20/07/2008 كتب
    Dewey Decimal Classification     مكتبة الجويدة مكتبة الجويدة الإعارة 11/06/2015 561231   382/إقت PLD00330588 28/07/2025 11/06/2015 كتب
    Dewey Decimal Classification     مكتبة النصر العامة مكتبة النصر العامة الإعارة 15/03/2015 561238   382/إقت PLD00377536 28/07/2025 15/03/2015 كتب
Implemented & Customized by: BBB with SCIT (Smart Chains for Information Technology)

Powered by Koha